| 000 | 00629nam a2200145 a 4500 | ||
|---|---|---|---|
| 008 | 120416s1971 ||||||||||||||||| || u | ||
| 050 | _aHB 34 Nor | ||
| 100 | _aNorth, Douglass Cecil | ||
| 245 | 1 | 4 | _aThe economics of public issues |
| 260 |
_aNew York _bHarper and Row _c1971 |
||
| 300 | _aviii, 158p. | ||
| 350 | _a0.00 | ||
| 995 |
_aMAIN LIBRARY OPEN ACCESS _D0.00 _e001523 _FCBU-MAIN LIBRARY (Kitwe) _H1 _I0.00 _jHB 34 Nor _UAVAILABLE _y001523 _ZMain Library Open Access Collection |
||
| 995 |
_aMAIN LIBRARY OPEN ACCESS _D0.00 _e001522 _FCBU-MAIN LIBRARY (Kitwe) _H2 _I0.00 _jHB 34 Nor _UAVAILABLE _y001522 _ZMain Library Open Access Collection |
||
| 999 |
_c75722 _d75722 |
||